| 000 -LEADER |
| fixed length control field |
00555nam a2200193Ia 4500 |
| 001 - CONTROL NUMBER |
| control field |
8172 |
| 003 - CONTROL NUMBER IDENTIFIER |
| control field |
GE_BSU |
| 005 - DATE AND TIME OF LATEST TRANSACTION |
| control field |
20240402150223.0 |
| 008 - FIXED-LENGTH DATA ELEMENTS--GENERAL INFORMATION |
| fixed length control field |
181216s2012||||enk|||||||||||||| ||eng|| |
| 020 ## - INTERNATIONAL STANDARD BOOK NUMBER |
| International Standard Book Number |
9781937271169 |
| 040 ## - CATALOGING SOURCE |
| Transcribing agency |
GE_BSU |
| 080 ## - UNIVERSAL DECIMAL CLASSIFICATION NUMBER |
| Universal Decimal Classification number |
316 C-52 |
| 100 ## - MAIN ENTRY--PERSONAL NAME |
| Personal name |
Christ, Jesus |
| 9 (RLIN) |
21683 |
| 245 ## - TITLE STATEMENT |
| Title |
Messago to All Nations.Printed in the united states of america / |
| Statement of responsibility, etc. |
Jesus Christ. |
| 264 ## - PRODUCTION, PUBLICATION, DISTRIBUTION, MANUFACTURE, AND COPYRIGHT NOTICE |
| Place of production, publication, distribution, manufacture |
America : |
| Name of producer, publisher, distributor, manufacturer |
? |
| Date of production, publication, distribution, manufacture, or copyright notice |
2012. |
| 300 ## - PHYSICAL DESCRIPTION |
| Extent |
854 p.; |
| Dimensions |
24 cm. |
| 653 ## - INDEX TERM--UNCONTROLLED |
| keyword |
Messago to All Nations.Printed in the united states of america |
| 942 ## - ADDED ENTRY ELEMENTS (KOHA) |
| Koha item type |
წიგნი |
| Source of classification or shelving scheme |
|